000 00556cac a2200193 a 4500
003 CO-PeBPM
005 20251217004442.0
008 231129e1972||||xx |||||||||||||| ||spa||
040 0 _aCO-PeBPM
_bspa
_cCO-PeBPM
_erda
041 0 _aspa
082 0 4 _a302.3 C329d
100 1 _aCartwright, Dorwin
_eautor
245 1 0 _aDinámica de grupos
_b: Investigación y teorí­a
_cDorwin Cartwright
250 _aPrimera Reimpresión
260 _aMéxico
_bTrillas
_c1972
300 _a624 Páginas
_c; 26 Centímetros
500 _aIncluye Índice
942 _2ddc
_cBK
999 _c9567
_d9567